[Event "EU-chT Seniors 04th"]
[Site "Dresden"]
[Date "2002.03.01"]
[Round "6.3"]
[White "Petzold, Hans"]
[Black "Weise, Wolfgang"]
[Result "0-1"]
[WhiteElo "1898"]
[BlackElo "2198"]
[EventDate "2002.02.25"]
[PlyCount "132"]

1.e4 e5 2.Nf3 Nc6 3.Bb5 a6 4.Ba4 Nf6 5.Qe2 Bc5 6.c3 b5 7.Bb3 O-O 8.d3 h6 
9.Nbd2 d6 10.Nf1 Rb8 11.Ne3 Na5 12.Bc2 b4 13.Nd2 bxc3 14.bxc3 Be6 15.O-O 
Qd7 16.Kh1 g5 17.Qd1 Bb6 18.Nb3 c5 19.c4 Nc6 20.Nd5 Bxd5 21.cxd5 Ne7 22.
Nd2 Ng6 23.Ba4 Qe7 24.Nc4 Qc7 25.g3 Ba5 26.Bb2 Kg7 27.f4 Rxb2 28.Nxb2 gxf4
29.Nc4 Bc3 30.Rb1 Bd4 31.Qf3 h5 32.h3 Rb8 33.Rxb8 Qxb8 34.Kg2 Kh6 35.Bc6 
Nh7 36.Bd7 Ng5 37.Qd1 h4 38.gxh4 Nxh4+ 39.Kh1 f3 40.Bg4 Qd8 41.Bxf3 Ngxf3 
42.Rxf3 Qg5 43.Qf1 Nxf3 44.Nxd6 Qf4 45.Nf5+ Kh7 46.Kg2 Nd2 47.Qe2 Qg5+ 48.
Qg4 Qxg4+ 49.hxg4 c4 50.dxc4 Nxc4 51.Ne7 Kg7 52.g5 Bc5 53.Nc6 Kg6 54.Nb8 
a5 55.a4 Kxg5 56.Kg3 Nd2 57.Nc6 Nxe4+ 58.Kf3 Nd2+ 59.Ke2 Nc4 60.Kd3 Nb2+ 
61.Ke4 Bd6 62.Nxa5 f5+ 63.Ke3 Nxa4 64.Nc4 Bc5+ 65.Kd3 e4+ 66.Kd2 Nb6 0-1

[Event "EU-chT Seniors 04th"]
[Site "Dresden"]
[Date "2002.03.01"]
[Round "6.3"]
[White "Schurig, Wilhelm"]
[Black "Harzer, Paul"]
[Result "1/2-1/2"]
[WhiteElo "1959"]
[BlackElo "2015"]
[EventDate "2002.02.25"]
[PlyCount "87"]

1.Nf3 f5 2.g3 Nf6 3.Bg2 g6 4.d3 Bg7 5.c3 c6 6.O-O O-O 7.Nbd2 d6 8.e4 Kh8 
9.e5 Ng4 10.exd6 exd6 11.h3 Ne5 12.d4 Nd3 13.Qc2 Nxc1 14.Raxc1 Be6 15.Rce1
Re8 16.Re2 Na6 17.Rfe1 Qd7 18.Nb3 Nc7 19.Na5 b6 20.Nxc6 Qxc6 21.Ne5 Qb5 
22.Bc6 Qa6 23.Nxg6+ hxg6 24.Bxa8 Rxa8 25.Rxe6 Nxe6 26.Rxe6 Qxa2 27.Qe2 Kh7
28.g4 Rd8 29.g5 Qd5 30.h4 f4 31.Re7 Rf8 32.Rxa7 Qf5 33.Qf3 d5 34.Rb7 Qe6 
35.h5 gxh5 36.Qxh5+ Kg8 37.Qh4 Rf5 38.Rb8+ Bf8 39.Qh6 Qe1+ 40.Kh2 Qxf2+ 
41.Kh1 Qe1+ 42.Kh2 Qg3+ 43.Kh1 Qe1+ 44.Kh2 1/2-1/2

[Event "EU-chT Seniors 04th"]
[Site "Dresden"]
[Date "2002.03.01"]
[Round "6.3"]
[White "Wade, Robert Graham"]
[Black "Eis, Helko"]
[Result "1/2-1/2"]
[WhiteElo "2224"]
[BlackElo "2108"]
[EventDate "2002.02.25"]
[PlyCount "40"]

1.e4 d6 2.g3 g6 3.Bg2 e5 4.Ne2 Bg7 5.d4 Nc6 6.d5 Nce7 7.c4 f5 8.Nbc3 Nf6 
9.f4 Nxe4 10.Nxe4 fxe4 11.fxe5 Bxe5 12.O-O Nf5 13.Nc3 e3 14.Qd3 O-O 15.
Bxe3 Bd7 16.Rae1 Nxe3 17.Qxe3 Qe7 18.Rxf8+ Rxf8 19.Kh1 Qg7 20.Nb5 Bf5 
1/2-1/2

[Event "EU-chT Seniors 04th"]
[Site "Dresden"]
[Date "2002.03.01"]
[Round "6.4"]
[White "Barnstedt, Dietrich"]
[Black "MacDonald Ross, Michael"]
[Result "0-1"]
[WhiteElo "2085"]
[BlackElo "2170"]
[EventDate "2002.02.25"]
[PlyCount "83"]

1.d4 d5 2.Nf3 Nf6 3.e3 Nbd7 4.Bd3 c5 5.c3 g6 6.Nbd2 Bg7 7.O-O O-O 8.b4 b6 
9.e4 dxe4 10.Nxe4 Bb7 11.Nxf6+ Nxf6 12.bxc5 bxc5 13.Ba3 cxd4 14.Re1 Nd5 
15.c4 Nc3 16.Qc1 Re8 17.Qf4 Bxf3 18.Qxf3 Rb8 19.h4 Bf6 20.h5 Qa5 21.hxg6 
hxg6 22.Bc1 Kg7 23.Bf4 e5 24.Bh6+ Kxh6 25.Qxf6 Qc7 26.g4 Qe7 27.g5+ Kh7 
28.Kg2 Qxf6 29.gxf6 Rb6 30.Rh1+ Kg8 31.Rh3 Rxf6 32.Rah1 Kf8 33.c5 Ke7 34.
Re1 Kd7 35.Bc4 Kc6 36.Rh7 Re7 37.Rh8 Kxc5 38.Rc8+ Rc6 39.Rxc6+ Kxc6 40.f3 
f5 41.Rh1 Kc5 42.Bb3 0-1

[Event "EU-chT Seniors 04th"]
[Site "Dresden"]
[Date "2002.03.01"]
[Round "6.4"]
[White "Daniel, Wolfgang"]
[Black "Mauersberger, Hermann"]
[Result "1/2-1/2"]
[WhiteElo "1871"]
[BlackElo "2010"]
[EventDate "2002.02.25"]
[PlyCount "34"]

1.e4 e5 2.Nf3 Nf6 3.Nc3 Nc6 4.Bb5 d6 5.d4 Bd7 6.O-O exd4 7.Nxd4 Nxd4 8.
Qxd4 Be7 9.Re1 O-O 10.Bg5 Bxb5 11.Nxb5 a6 12.Nc3 h6 13.Bh4 g5 14.Bg3 Nh5 
15.Nd5 Nxg3 16.hxg3 c6 17.Nxe7+ Qxe7 1/2-1/2

[Event "EU-chT Seniors 04th"]
[Site "Dresden"]
[Date "2002.03.01"]
[Round "6.4"]
[White "Gruenig, Siegfried"]
[Black "Flockhart, Hugh"]
[Result "1-0"]
[WhiteElo "1792"]
[BlackElo "1584"]
[EventDate "2002.02.25"]
[PlyCount "72"]

1.d4 Nf6 2.Nf3 d5 3.e3 Nbd7 4.Nbd2 c5 5.b3 Qc7 6.Bb2 g6 7.Bd3 Bg7 8.O-O 
O-O 9.c4 b6 10.Rc1 Bb7 11.dxc5 bxc5 12.cxd5 Bxd5 13.Qe2 Rad8 14.Rfd1 Qb7 
15.Bc4 Bc6 16.Bc3 e6 17.Ba5 Nb6 18.Ba6 Qa8 19.Rxc5 Ne4 20.Nxe4 Bxe4 21.
Rcc1 Bxf3 22.Qxf3 Rd5 23.Rxd5 Nxd5 24.Qe2 Qb8 25.g3 h5 26.e4 Nf6 27.Bc7 
Qa8 28.f3 Bh6 29.Rc2 Kg7 30.Kg2 Re8 31.Qd3 Re7 32.Qc3 Rd7 33.Be5 Bg5 34.h4
Rd2+ 35.Rxd2 Bxd2 36.Bxf6+ Kh7 1-0

[Event "EU-chT Seniors 04th"]
[Site "Dresden"]
[Date "2002.03.01"]
[Round "6.4"]
[White "Langenfeld, Heinz"]
[Black "Fehres, Werner"]
[Result "1-0"]
[WhiteElo "1909"]
[BlackElo "2104"]
[EventDate "2002.02.25"]
[PlyCount "41"]

1.e4 e5 2.Nf3 d6 3.Nc3 c6 4.d4 Qc7 5.Bg5 Nd7 6.Qd2 Ngf6 7.Be2 Be7 8.O-O 
O-O 9.h3 Kh8 10.Nh4 Re8 11.Nf5 Bf8 12.Kh1 Ng8 13.f4 f6 14.Bh4 exf4 15.Qxf4
g6 16.Bc4 gxf5 17.Qg3 Bh6 18.Rxf5 Rf8 19.Be6 Bg7 20.Rh5 Nh6 21.Rf1 1-0

[Event "EU-chT Seniors 04th"]
[Site "Dresden"]
[Date "2002.03.01"]
[Round "6.4"]
[White "Lieb, Harald"]
[Black "Winiwarter, Felix"]
[Result "1-0"]
[WhiteElo "2300"]
[BlackElo "2188"]
[EventDate "2002.02.25"]
[PlyCount "107"]

1.d4 Nf6 2.c4 g6 3.Nc3 Bg7 4.e4 d6 5.Nf3 O-O 6.Be2 e5 7.O-O Nbd7 8.Qc2 
exd4 9.Nxd4 Nc5 10.Be3 Re8 11.f3 c6 12.Bf2 Nh5 13.Rad1 Qe7 14.Rfe1 a5 15.
Bf1 Nf4 16.Nde2 Be5 17.Nxf4 Bxf4 18.g3 Bh6 19.h3 Be6 20.f4 Rad8 21.Rd2 Bc8
22.Rde2 Qf8 23.Na4 Ne6 24.Bb6 c5 25.Rd2 Rd7 26.Qd1 Nd4 27.Bg2 Rde7 28.Nc3 
f5 29.e5 g5 30.Nd5 gxf4 31.gxf4 Rg7 32.Nf6+ Kh8 33.Rxd4 cxd4 34.Nxe8 Qxe8 
35.Bxd4 Kg8 36.exd6 Rxg2+ 37.Kxg2 Qg6+ 38.Kf2 Qxd6 39.Rg1+ Kf7 40.Be5 Qc5+
41.Qd4 Qxd4+ 42.Bxd4 Bd7 43.Ke3 Bc6 44.Be5 Bf8 45.b3 Bc5+ 46.Bd4 Bf8 47.c5
Bd5 48.Kd3 Bh6 49.Be5 Bf8 50.Kd4 Be4 51.a3 Bc2 52.b4 axb4 53.axb4 Be4 54.
b5 1-0

[Event "EU-chT Seniors 04th"]
[Site "Dresden"]
[Date "2002.03.01"]
[Round "6.4"]
[White "Neese, Hans Joachim"]
[Black "Prelovskij, Rudolf"]
[Result "1-0"]
[WhiteElo "2136"]
[BlackElo "2208"]
[EventDate "2002.02.25"]
[PlyCount "135"]

1.d4 e6 2.Nf3 f5 3.c4 Nf6 4.Nc3 d5 5.Bf4 c6 6.e3 Be7 7.h3 O-O 8.Be2 Ne4 9.
Nxe4 fxe4 10.Nd2 Nd7 11.O-O Bg5 12.Bg4 Bxf4 13.Bxe6+ Kh8 14.exf4 Nb6 15.
Bxc8 Rxc8 16.c5 Nd7 17.g3 Qf6 18.Nb3 Qh6 19.Kg2 Nf6 20.Rc1 Rc7 21.Rc3 Qg6 
22.Kh2 Qf5 23.Nc1 h5 24.Ne2 g6 25.Qd2 Rh7 26.h4 Re8 27.Kg2 Rhe7 28.Qc2 Ng4
29.Re1 Qf6 30.b4 e3 31.f3 Nh6 32.Rd1 a6 33.a4 Nf5 34.Rb3 Ra8 35.Qd3 Kg7 
36.Rdb1 Kf7 37.Rd1 Kg7 38.Rb2 Kf7 39.Qb3 Kg7 40.b5 axb5 41.axb5 Ra5 42.b6 
Re8 43.Ra2 Rea8 44.Rxa5 Rxa5 45.Qc2 Qd8 46.Kh3 Ra8 47.Rb1 Qf6 48.Rd1 Kh7 
49.Qb2 Ra4 50.Ra1 Rc4 51.Ra7 Qg7 52.g4 Nxd4 53.Nxd4 Kg8 54.Ra3 hxg4+ 55.
fxg4 Rxd4 56.Qe2 Qd7 57.Kg3 Rc4 58.Qxe3 Kf7 59.Ra8 Qe7 60.Qxe7+ Kxe7 61.
Rb8 Rxc5 62.Rxb7+ Kd8 63.Rg7 Kc8 64.Rxg6 Kb7 65.h5 Rc1 66.f5 d4 67.Rd6 c5 
68.f6 1-0

[Event "EU-chT Seniors 04th"]
[Site "Dresden"]
[Date "2002.03.01"]
[Round "6.4"]
[White "Neubert, Gerhard"]
[Black "Mueckan, Friedbert"]
[Result "1/2-1/2"]
[WhiteElo "1876"]
[BlackElo "2000"]
[EventDate "2002.02.25"]
[PlyCount "32"]

1.f4 d5 2.b3 Nf6 3.Nf3 e6 4.Bb2 Be7 5.e3 O-O 6.Be2 c5 7.Ne5 Nbd7 8.O-O a6 
9.d3 Qc7 10.Nd2 b5 11.Ndf3 Bb7 12.Qe1 a5 13.a4 b4 14.Qg3 d4 15.Nxd7 Qxd7 
16.Ne5 Qd8 1/2-1/2

[Event "EU-chT Seniors 04th"]
[Site "Dresden"]
[Date "2002.03.01"]
[Round "6.4"]
[White "Ofstad, Per"]
[Black "Shabanov, Yuri"]
[Result "1/2-1/2"]
[WhiteElo "2196"]
[BlackElo "2463"]
[EventDate "2002.02.25"]
[PlyCount "56"]

1.e4 d6 2.d4 Nf6 3.Nc3 Nbd7 4.Be3 e5 5.h3 c6 6.a4 Be7 7.Nf3 O-O 8.Be2 a5 
9.O-O Re8 10.Re1 Bf8 11.Bd3 Qc7 12.Bg5 Be7 13.Qd2 Nf8 14.d5 Ng6 15.Nh4 
Nxh4 16.Bxh4 Nxd5 17.Nxd5 cxd5 18.Bxe7 dxe4 19.Bf6 Re6 20.Bxe5 exd3 21.Bc3
dxc2 22.Qd4 f6 23.Qd2 Bd7 24.Qxc2 Qc6 25.Qb3 d5 26.Red1 Re4 27.Qxd5+ Qxd5 
28.Rxd5 Bc6 1/2-1/2

[Event "EU-chT Seniors 04th"]
[Site "Dresden"]
[Date "2002.03.01"]
[Round "6.4"]
[White "Titz, Herbert"]
[Black "Kneschke, Hansjuergen"]
[Result "1-0"]
[WhiteElo "2123"]
[BlackElo "1960"]
[EventDate "2002.02.25"]
[PlyCount "161"]

1.e4 e6 2.d4 d5 3.Nd2 dxe4 4.Nxe4 Nd7 5.Bd3 Ngf6 6.Ne2 b6 7.c3 Bb7 8.Qc2 
Nxe4 9.Bxe4 Bxe4 10.Qxe4 Be7 11.Bf4 O-O 12.Qc6 Rc8 13.Rd1 Nb8 14.Qa4 Qd5 
15.O-O a6 16.Bg3 Bd6 17.Rfe1 b5 18.Qb3 Qxb3 19.axb3 Rfd8 20.Ra1 Bxg3 21.
hxg3 c5 22.Red1 cxd4 23.Rxd4 Rxd4 24.Nxd4 Rd8 25.b4 Kf8 26.Kf1 e5 27.Nb3 
Rd6 28.Nc5 h5 29.Ke2 g6 30.Ne4 Rd8 31.g4 hxg4 32.Nf6 g3 33.f3 Ke7 34.Ne4 
f5 35.Nxg3 Kf6 36.Nf1 Rd6 37.Nd2 Rc6 38.Nb3 Rd6 39.Nc5 Kg7 40.b3 Kf6 41.g4
Rc6 42.Rd1 a5 43.Ra1 axb4 44.cxb4 Rb6 45.Ra8 Kg5 46.gxf5 gxf5 47.Ra1 Nc6 
48.Rg1+ Kh6 49.Nd3 e4 50.fxe4 fxe4 51.Nf4 Nxb4 52.Ke3 Nd3 53.Nxd3 exd3 54.
Kxd3 Rc6 55.Kd4 b4 56.Rg3 Kh5 57.Rd3 Kg4 58.Ke4 Rc8 59.Rd4 Rb8 60.Kd5+ Kf5
61.Kc5 Ke5 62.Rxb4 Rc8+ 63.Kb5 Rb8+ 64.Kc4 Rc8+ 65.Kd3 Rh8 66.Rc4 Rh3+ 67.
Kc2 Kd5 68.Kb2 Rh8 69.Rc7 Rb8 70.b4 Rh8 71.Rc3 Rh1 72.Kb3 Rh8 73.Rc7 Rb8 
74.Kc3 Kd6 75.Rc5 Rb6 76.Kc4 Rc6 77.Kb5 Rxc5+ 78.bxc5+ Kc7 79.c6 Kb8 $4 
    ( 79...Kc8 $1 )
80.Kb6 Kc8 81.c7 1-0

[Event "EU-chT Seniors 04th"]
[Site "Dresden"]
[Date "2002.03.01"]
[Round "6.4"]
[White "Zanger, Konrad"]
[Black "Tochtermann, Georg"]
[Result "0-1"]
[WhiteElo "1695"]
[BlackElo "1875"]
[EventDate "2002.02.25"]
[PlyCount "83"]

1.e4 d6 2.Nf3 Nf6 3.Nc3 c6 4.h3 g6 5.d3 Bg7 6.Be2 Qb6 7.O-O O-O 8.Rb1 e5 
9.Be3 Qc7 10.a3 Re8 11.Nh2 d5 12.Bg5 d4 13.Bxf6 Bxf6 14.Na2 Be6 15.Nc1 Bg7
16.Bg4 f5 17.exf5 gxf5 18.Bf3 Nd7 19.g3 Nf6 20.Bg2 Rad8 21.f3 Nd5 22.Re1 
Ne3 23.Qe2 Kh8 24.Nf1 Bh6 25.Nh2 Rg8 26.g4 Rde8 27.Nb3 Bf4 28.Nf1 b6 29.
Nxe3 Bxe3+ 30.Kh1 Qf7 31.Qf1 h5 32.Rxe3 dxe3 33.Re1 f4 34.Nc1 Re7 35.Ne2 
c5 36.Ng1 Qf6 37.Re2 c4 38.Qe1 cxd3 39.cxd3 Rd8 40.h4 hxg4 41.fxg4 Bxg4 
42.Be4 0-1

[Event "EU-chT Seniors 04th"]
[Site "Dresden"]
[Date "2002.03.02"]
[Round "7.1"]
[White "Boehnisch, Manfred"]
[Black "Littlewood, John Eric"]
[Result "1-0"]
[WhiteElo "2354"]
[BlackElo "2305"]
[EventDate "2002.02.25"]
[PlyCount "63"]

1.e4 e5 2.Nf3 d6 3.d4 exd4 4.Qxd4 Nf6 5.Nc3 Be7 6.Bg5 O-O 7.O-O-O Nc6 8.
Qd2 Bg4 9.h3 Bh5 10.g4 Bg6 11.Bd3 Nb4 12.Nd4 d5 13.Nf5 Bxf5 14.exf5 d4 15.
Bxf6 dxc3 16.Bxc3 Nxa2+ 17.Kb1 Nxc3+ 18.Qxc3 Bf6 19.Qb3 Qd4 20.Bc4 Qxf2 
21.Rd7 a5 22.Rxf7 Rxf7 23.Bxf7+ Kh8 24.Qxb7 Rd8 25.h4 Bxh4 26.Qxc7 a4 27.
Qh2 Qxh2 28.Rxh2 Bf6 29.Ka2 Rd4 30.Rg2 g5 31.fxg6 Kg7 32.gxh7 1-0

[Event "EU-chT Seniors 04th"]
[Site "Dresden"]
[Date "2002.03.02"]
[Round "7.1"]
[White "Delander, Adolf"]
[Black "Rosen, Willy"]
[Result "1/2-1/2"]
[WhiteElo "2252"]
[BlackElo "2345"]
[EventDate "2002.02.25"]
[PlyCount "20"]

1.d4 Nf6 2.Nf3 e6 3.g3 c5 4.c3 d5 5.Bg2 Be7 6.O-O O-O 7.Nbd2 cxd4 8.cxd4 
Nc6 9.b3 Bd7 10.Bb2 Qb6 1/2-1/2

[Event "EU-chT Seniors 04th"]
[Site "Dresden"]
[Date "2002.03.02"]
[Round "7.1"]
[White "Eiselt, Peter"]
[Black "Just, Joachim"]
[Result "0-1"]
[WhiteElo "1632"]
[BlackElo "2198"]
[EventDate "2002.02.25"]
[PlyCount "98"]

1.c4 e6 2.Nf3 f5 3.g3 b6 4.Bg2 Bb7 5.O-O Nf6 6.Nc3 Be7 7.d3 O-O 8.Qc2 c5 
9.b3 Nc6 10.Bb2 Qe8 11.e4 Qh5 12.Rae1 Ng4 13.h3 Nh6 14.exf5 Nb4 15.Qe2 
Qxf5 16.Nh4 Bxh4 17.Bxb7 Bf6 18.Bxa8 Rxa8 19.Qe4 Qxe4 20.Rxe4 Nxd3 21.Ba1 
Rf8 22.Re2 Bd4 23.Ne4 Nf5 24.Kg2 Bxa1 25.Rxa1 Nd4 26.Rd2 Nb4 27.f4 Nbc2 
28.Rc1 Nb4 29.Ng5 Rd8 30.Nf3 Nbc6 31.Nxd4 Nxd4 32.Kf2 a5 33.Rcd1 Kf7 34.
Rd3 Ke7 35.a3 Ra8 36.g4 Rc8 37.Ke3 Nc2+ 38.Ke4 Nd4 39.b4 axb4 40.axb4 Ra8 
41.bxc5 bxc5 42.f5 Ra2 43.R1d2 Ra4 44.fxe6 Kxe6 45.Rc3 Ra1 46.Rf2 Re1+ 47.
Re3 Rd1 48.Rf8 Nc2 49.Ref3 Rd4# 0-1

[Event "EU-chT Seniors 04th"]
[Site "Dresden"]
[Date "2002.03.02"]
[Round "7.1"]
[White "Eskandary, Jahja"]
[Black "Zingler, Max"]
[Result "1-0"]
[WhiteElo "2127"]
[BlackElo "2089"]
[EventDate "2002.02.25"]
[PlyCount "82"]

1.e4 e6 2.Ne2 d5 3.exd5 exd5 4.Ng3 Bd6 5.d4 Nc6 6.Nc3 Be6 7.Nh5 Bf8 8.Nf4 
Qd7 9.Nxe6 fxe6 10.g3 Nf6 11.Bh3 Bb4 12.O-O O-O 13.Ne2 Qf7 14.f4 Rfe8 15.
Qd3 Bf8 16.a3 Na5 17.b3 c6 18.Bd2 Qc7 19.Kg2 b5 20.Bxa5 Qxa5 21.b4 Qb6 22.
c3 a5 23.Ng1 Bd6 24.Nf3 Nd7 25.Ng5 Nf8 26.Bxe6+ Rxe6 27.Nxe6 Nxe6 28.Rae1 
Nf8 29.f5 Qd8 30.Re2 axb4 31.axb4 Ra7 32.Rfe1 Re7 33.Rxe7 Bxe7 34.Qe2 Kf7 
35.Qh5+ g6 36.fxg6+ hxg6 37.Qf3+ Ke8 38.Qf4 Qd7 39.Ra1 Bd8 40.Re1+ Ne6 41.
Qe5 Kf7 1-0

[Event "EU-chT Seniors 04th"]
[Site "Dresden"]
[Date "2002.03.02"]
[Round "7.1"]
[White "Hecht, Hans Joachim"]
[Black "Biebinger, Gerhard"]
[Result "1/2-1/2"]
[WhiteElo "2411"]
[BlackElo "2383"]
[EventDate "2002.02.25"]
[PlyCount "29"]

1.d4 d5 2.c4 c6 3.Nf3 Nf6 4.e3 Bf5 5.cxd5 cxd5 6.Qb3 Qb6 7.Qxb6 axb6 8.Nc3
Bd7 9.Ne5 e6 10.Bd2 Bd6 11.Nxd7 Kxd7 12.Bb5+ Nc6 13.f3 Ke7 14.Na4 Na7 15.
Nc3 1/2-1/2

[Event "EU-chT Seniors 04th"]
[Site "Dresden"]
[Date "2002.03.02"]
[Round "7.1"]
[White "Johannessen, Svein"]
[Black "Uhlmann, Wolfgang"]
[Result "0-1"]
[WhiteElo "2279"]
[BlackElo "2458"]
[EventDate "2002.02.25"]
[PlyCount "76"]

1.d4 Nf6 2.Nf3 g6 3.Bg5 Bg7 4.e3 c5 5.Nbd2 b6 6.Bd3 Bb7 7.O-O d6 8.c3 O-O 
9.a3 Nbd7 10.Qe2 h6 11.Bh4 Rc8 12.Ba6 Bxa6 13.Qxa6 Rc7 14.Rad1 Qa8 15.Qd3 
Rfc8 16.Rfe1 Qb7 17.e4 cxd4 18.Nxd4 a6 19.f3 b5 20.Nf1 Ne5 21.Qe2 Nh5 22.
Ne3 e6 23.Qf1 Nc4 24.Nxc4 bxc4 25.Ne2 Qxb2 26.Rxd6 Be5 27.Rdd1 Qxa3 28.Ra1
Qd6 29.Red1 Bxh2+ 30.Kh1 Qe5 31.Rxa6 Nf4 32.Nxf4 Bxf4 33.Qe1 Rb7 34.Ra2 
Qc7 35.Bf6 Bg3 36.Qd2 Kh7 37.Qd4 e5 38.Qd5 Rb6 0-1

[Event "EU-chT Seniors 04th"]
[Site "Dresden"]
[Date "2002.03.02"]
[Round "7.1"]
[White "Kahn, Manfred"]
[Black "Toothill, John"]
[Result "1/2-1/2"]
[WhiteElo "2171"]
[BlackElo "2192"]
[EventDate "2002.02.25"]
[PlyCount "48"]

1.d4 Nf6 2.Bg5 d5 3.Bxf6 exf6 4.e3 Bf5 5.Bd3 Qd7 6.Ne2 Bd6 7.O-O Nc6 8.
Nbc3 Ne7 9.Nb5 O-O 10.Nxd6 Qxd6 11.Bxf5 Nxf5 12.Qd3 Qd7 13.c4 dxc4 14.Qxc4
Nd6 15.Qd3 Rfe8 16.Rac1 c6 17.Rfd1 Rac8 18.b4 Qe6 19.d5 cxd5 20.Rxc8 Rxc8 
21.Qxd5 Qxd5 22.Rxd5 Ne8 23.Rd2 Kf8 24.f3 Ke7 1/2-1/2

[Event "EU-chT Seniors 04th"]
[Site "Dresden"]
[Date "2002.03.02"]
[Round "7.1"]
[White "Neukirch, Detlef"]
[Black "Weber, Bernd"]
[Result "1/2-1/2"]
[WhiteElo "2295"]
[BlackElo "2119"]
[EventDate "2002.02.25"]
[PlyCount "59"]

1.e4 e5 2.Nf3 Nc6 3.Bb5 a6 4.Ba4 d6 5.c3 Bg4 6.h3 Bd7 7.d4 Nge7 8.Bb3 h6 
9.Nbd2 Ng6 10.Nc4 Be7 11.Ne3 Nf4 12.O-O Bf6 13.Kh2 O-O 14.Nf5 g6 15.Nxh6+ 
Kg7 16.dxe5 dxe5 17.Bxf4 exf4 18.Ng4 Bxg4 19.Qxd8 Raxd8 20.hxg4 Ne5 21.
Nxe5 Rh8+ 22.Kg1 Bxe5 23.Rfd1 Bd6 24.Kf1 Rh4 25.e5 $2 
    ( 25.Ke2 )
25...Re8 $1 26.g3 Rh1+ 27.Kg2 Rxd1 28.Rxd1 Rxe5 29.gxf4 Re2 30.Kf3 1/2-1/2

[Event "EU-chT Seniors 04th"]
[Site "Dresden"]
[Date "2002.03.02"]
[Round "7.1"]
[White "Stavenhagen, Johannes"]
[Black "Wunderer, Eckart"]
[Result "1/2-1/2"]
[WhiteElo "1849"]
[BlackElo "2190"]
[EventDate "2002.02.25"]
[PlyCount "33"]

1.d4 d6 2.Bf4 Nf6 3.f3 Nbd7 4.e4 e5 5.Be3 Be7 6.Bc4 c6 7.Nc3 O-O 8.a4 b6 
9.Nge2 Bb7 10.Ng3 d5 11.exd5 cxd5 12.Be2 exd4 13.Bxd4 Bd6 14.Nf5 Be5 15.
O-O g6 16.Nh6+ Kg7 17.Ng4 1/2-1/2

[Event "EU-chT Seniors 04th"]
[Site "Dresden"]
[Date "2002.03.02"]
[Round "7.1"]
[White "Turikov, Viktor"]
[Black "Chernikov, Oleg L"]
[Result "1/2-1/2"]
[WhiteElo "2351"]
[BlackElo "2460"]
[EventDate "2002.02.25"]
[PlyCount "80"]

1.d4 d5 2.Nf3 c6 3.Bf4 Bf5 4.e3 Nf6 5.Bd3 Bxd3 6.Qxd3 Nbd7 7.Nbd2 e6 8.O-O
Be7 9.c4 O-O 10.h3 c5 11.Bh2 Rc8 12.Rfd1 Qb6 13.cxd5 exd5 14.Ne5 c4 15.
Nxd7 Nxd7 16.Qc2 Rfe8 17.Nb1 Bb4 18.Nc3 Qc6 19.Bf4 a6 20.a3 Bxc3 21.bxc3 
b5 22.a4 Nb6 23.axb5 axb5 24.Qb2 Ra8 25.Rxa8 Rxa8 26.Rb1 Na4 27.Qb4 Ra6 
28.Qxb5 Qxb5 29.Rxb5 g5 30.Bxg5 Nxc3 31.Rb8+ Kg7 32.f3 f6 33.Bh4 Ra1+ 34.
Kh2 Nd1 35.e4 Ne3 36.exd5 Nxd5 37.Rc8 c3 38.Rc5 Kf7 39.Bf2 Ke6 40.Rc6+ Kd7
1/2-1/2

[Event "EU-chT Seniors 04th"]
[Site "Dresden"]
[Date "2002.03.02"]
[Round "7.1"]
[White "Walke, Guenter"]
[Black "Denda, Ronald"]
[Result "1/2-1/2"]
[WhiteElo "1773"]
[BlackElo "1976"]
[EventDate "2002.02.25"]
[PlyCount "64"]

1.d4 d5 2.e3 Bf5 3.f4 h5 4.Nf3 h4 5.Bd3 Qc8 6.Bxf5 Qxf5 7.Qd3 Qxd3 8.cxd3 
Nc6 9.Bd2 e6 10.a3 Nge7 11.Nc3 a6 12.Rc1 Nf5 13.Na4 Bd6 14.Nc5 Nd8 15.e4 
Ne7 16.O-O f6 17.e5 Bxc5 18.dxc5 Nf5 19.Bc3 Kf7 20.Nd4 Nxd4 21.Bxd4 Nc6 
22.Bc3 f5 23.d4 Rag8 24.Rcd1 g5 25.Rd3 g4 26.b4 Ne7 27.Bd2 c6 28.a4 Rb8 
29.Rb1 Nc8 30.b5 axb5 31.axb5 Na7 32.bxc6 bxc6 1/2-1/2

[Event "EU-chT Seniors 04th"]
[Site "Dresden"]
[Date "2002.03.02"]
[Round "7.2"]
[White "Baumgartner, Heinz"]
[Black "Hoen, Ragnar Harald"]
[Result "1-0"]
[WhiteElo "2337"]
[BlackElo "2311"]
[EventDate "2002.02.25"]
[PlyCount "79"]

1.Nf3 d5 2.g3 Nf6 3.Bg2 g6 4.O-O Bg7 5.d4 O-O 6.c4 c6 7.cxd5 Nxd5 8.e4 Nb6
9.h3 Na6 10.a4 c5 11.d5 Nb4 12.Nc3 Nc4 13.Qe2 Na5 14.Bf4 b6 15.Rad1 Ba6 
16.Nb5 Rc8 17.d6 Rc6 18.Rfe1 exd6 19.Ne5 Bxb5 20.axb5 Rc7 21.h4 Re8 22.Ng4
Rd7 23.Bg5 f6 24.Bd2 d5 25.Bxb4 cxb4 26.Qd2 d4 27.Qxb4 h5 28.Nh2 d3 29.Nf3
Bf8 30.Qc3 Rc7 31.Qxd3 Qxd3 32.Rxd3 Rc2 33.b3 Bc5 34.Rd2 Rxd2 35.Nxd2 Bb4 
36.Re2 Bxd2 37.Rxd2 Nxb3 38.Rd7 Nc5 39.Rxa7 Kf8 40.f3 1-0

[Event "EU-chT Seniors 04th"]
[Site "Dresden"]
[Date "2002.03.02"]
[Round "7.2"]
[White "Farrand, Julian"]
[Black "Lenk, Wolfgang"]
[Result "1/2-1/2"]
[WhiteElo "2096"]
[BlackElo "2185"]
[EventDate "2002.02.25"]
[PlyCount "38"]

1.d4 Nf6 2.Nc3 g6 3.e4 d6 4.Be3 Bg7 5.Qd2 Ng4 6.Bf4 Nc6 7.Nf3 e5 8.dxe5 
Ngxe5 9.Bh6 Nxf3+ 10.gxf3 Bf6 11.O-O-O a6 12.Nd5 Be6 13.Qf4 Be5 14.Qe3 
Bxd5 15.exd5 Ne7 16.f4 Nf5 17.Qh3 Bg7 18.Bxg7 Nxg7 19.Re1+ Kf8 1/2-1/2

[Event "EU-chT Seniors 04th"]
[Site "Dresden"]
[Date "2002.03.02"]
[Round "7.2"]
[White "Fischer, Ernst"]
[Black "Mueller, Siegmar"]
[Result "1-0"]
[WhiteElo "2155"]
[BlackElo "1827"]
[EventDate "2002.02.25"]
[PlyCount "65"]

1.d4 b6 2.Nf3 Bb7 3.e3 Nf6 4.Nbd2 e6 5.Bd3 Nc6 6.c3 Be7 7.O-O h6 8.e4 d6 
9.Qe2 Qd7 10.Re1 g5 11.Nc4 O-O-O 12.a4 g4 13.Nfd2 Rdg8 14.Ne3 h5 15.b4 h4 
16.a5 g3 17.fxg3 hxg3 18.h3 Nh5 19.Ba6 Nf4 20.Bxb7+ Kxb7 21.Qf1 e5 22.Nf5 
Bh4 23.axb6 cxb6 24.Qa6+ Kb8 25.Nf3 Bd8 26.Bxf4 exf4 27.Qb5 f6 28.d5 Ne5 
29.Qxd7 Nxd7 30.Nxd6 Ne5 31.Rf1 Nd3 32.Nd4 Nf2 33.Rxa7 1-0

[Event "EU-chT Seniors 04th"]
[Site "Dresden"]
[Date "2002.03.02"]
[Round "7.2"]
[White "Kholmov, Ratmir D"]
[Black "Vager, Boris"]
[Result "1/2-1/2"]
[WhiteElo "2441"]
[BlackElo "2309"]
[EventDate "2002.02.25"]
[PlyCount "80"]

1.e4 c5 2.Nf3 e6 3.c3 d5 4.exd5 exd5 5.d4 Nf6 6.Be2 Be7 7.dxc5 Bxc5 8.O-O 
O-O 9.Nbd2 h6 10.Nb3 Bb6 11.Bf4 Nc6 12.Nfd4 Re8 13.Re1 a6 14.Qc2 Re4 15.
Be3 Bc7 16.Rad1 Qd6 17.g3 Bg4 18.Nxc6 Bxe2 19.Rxe2 bxc6 20.f3 Ree8 21.Bc5 
Qd8 22.Rde1 Rxe2 23.Qxe2 Bb6 24.Qf2 Rb8 25.Bxb6 Rxb6 26.Nc5 a5 27.b3 Rb5 
28.Nd3 Nd7 29.Qd4 Kf8 30.Kg2 Rb8 31.Qf4 Nf6 32.Ne5 Rc8 33.g4 Qc7 34.h4 Kg8
35.Qf5 Re8 36.Nd3 Rxe1 37.Nxe1 Qe7 38.Kf1 Qe6 39.Qd3 Qd6 40.Qa6 Qc7 
1/2-1/2

[Event "EU-chT Seniors 04th"]
[Site "Dresden"]
[Date "2002.03.02"]
[Round "7.2"]
[White "Lippitsch, Paul"]
[Black "Koksch, Guenther"]
[Result "0-1"]
[WhiteElo "1971"]
[BlackElo "2168"]
[EventDate "2002.02.25"]
[PlyCount "82"]

1.e4 b6 2.d4 Bb7 3.f3 e6 4.Bd3 c5 5.Ne2 Nc6 6.c3 cxd4 7.Nxd4 Qh4+ 8.g3 Qh3
9.Bf1 Qh5 10.Bg2 Ba6 11.Be3 Ne5 12.Qa4 Nd3+ 13.Kd2 Nc5 14.Qd1 b5 15.Bf1 
Rb8 16.Be2 f5 17.exf5 exf5 18.f4 Qf7 19.Re1 Nf6 20.Kc2 Nfe4 21.Nd2 Be7 22.
Nxe4 fxe4 23.f5 O-O 24.g4 Rfc8 25.Rg1 b4 26.Bxa6 Nxa6 27.Ne2 bxc3 28.Nxc3 
Nb4+ 29.Kd2 Qc4 30.Qb3 Qxb3 31.axb3 d5 32.Bxa7 Bg5+ 33.Ke2 Rb7 34.Bd4 Nc2 
35.Rad1 Rxb3 36.Be5 Rxb2 37.Nxe4 Nd4+ 38.Kd3 dxe4+ 39.Kxe4 Re2+ 40.Kxd4 
Rd8+ 41.Kc4 Rxe5 0-1

[Event "EU-chT Seniors 04th"]
[Site "Dresden"]
[Date "2002.03.02"]
[Round "7.2"]
[White "Nautsch, Werner"]
[Black "Rahls, Peter"]
[Result "1/2-1/2"]
[WhiteElo "2264"]
[BlackElo "2254"]
[EventDate "2002.02.25"]
[PlyCount "33"]

1.e4 c5 2.Nf3 e6 3.Nc3 a6 4.g3 b5 5.Bg2 Bb7 6.d3 d6 7.O-O Be7 8.Be3 Qc7 9.
Qe2 Nf6 10.Ng5 h6 11.Nh3 Nc6 12.f4 Nd4 13.Bxd4 cxd4 14.Nd1 O-O 15.c3 dxc3 
16.Nxc3 Qc5+ 17.Qf2 1/2-1/2

[Event "EU-chT Seniors 04th"]
[Site "Dresden"]
[Date "2002.03.02"]
[Round "7.2"]
[White "Richardson, Keith B"]
[Black "Starck, Bodo"]
[Result "1/2-1/2"]
[WhiteElo "2208"]
[BlackElo "2261"]
[EventDate "2002.02.25"]
[PlyCount "42"]

1.c4 c6 2.Nc3 d5 3.e3 Nf6 4.Nf3 Qb6 5.d4 Bf5 6.Be2 e6 7.O-O Nbd7 8.a3 Be7 
9.b4 O-O 10.Nh4 Ne4 11.Nxf5 exf5 12.Qb3 Nxc3 13.Qxc3 Nf6 14.Rb1 dxc4 15.
Bxc4 Rad8 16.Qc2 g6 17.Rd1 a6 18.Bf1 Rfe8 19.Bd2 Nd5 20.g3 Bf8 21.Bg2 Rd7 
1/2-1/2